书目信息 |
| 题名: |
中文版3ds max 5建筑效果图培训教程
|
|
| 作者: | 王宏 , 张陆军 编著 | |
| 分册: | ||
| 出版信息: | 北京 人民邮电出版社 2005.01 |
|
| 页数: | 314页 | |
| 开本: | 26cm | |
| 丛书名: | 零点起飞电脑培训学校 | |
| 单 册: | ||
| 中图分类: | TU201.4 | |
| 科图分类: | ||
| 主题词: | 建筑设计--计算机辅助设计--图形软件--技术培训--教材 | |
| 电子资源: | ||
| ISBN: | 7-115-12580-5 | |
| 000 | 01036nam 2200265 450 | |
| 001 | 0140020890 | |
| 005 | 20060919111705.56 | |
| 010 | @a7-115-12580-5@dCNY28.00 | |
| 100 | @a20050226d2005 km y0chiy0120 ea | |
| 101 | 0 | @achi |
| 102 | @aCN@b110000 | |
| 105 | @aa z 000yy | |
| 200 | 1 | @a中文版3ds max 5建筑效果图培训教程@Azhong wen ban 3ds max 5 jian zhu xiao guo tu pei xun jiao cheng@f王宏, 张陆军编著@Fwang hong,zhang lu jun bian zhu |
| 210 | @a北京@c人民邮电出版社@d2005.01 | |
| 215 | @a314页@c图@d26cm | |
| 225 | 2 | @a零点起飞电脑培训学校 |
| 330 | @a本书主要内容包括:3ds max 5和建筑效果图的基础知识、二维对象和三维对象的创建及编辑方法、编辑修改器和材质编辑器的应用、灯光和摄像机在建筑效果图中的运用、环境控制及渲染知识等。 | |
| 410 | 0 | @12001 @a零点起飞电脑培训学校 |
| 606 | 0 | @a建筑设计@x计算机辅助设计@x图形软件@x技术培训@x教材 |
| 610 | 0 | @a3ds max 5 |
| 690 | @aTU201.4@v4 | |
| 701 | 0 | @a王宏@Awang hong@4编著 |
| 701 | 0 | @a张陆军@Azhang lu jun@4编著 |
| 801 | 0 | @aCN@bQSSK@c20060919 |
| 905 | @a10447@dTU201.4@eW212 | |
| 中文版3ds max 5建筑效果图培训教程/王宏, 张陆军编著.-北京:人民邮电出版社,2005.01 |
| 314页:图;26cm.-(零点起飞电脑培训学校) |
| ISBN 7-115-12580-5:CNY28.00 |
| 本书主要内容包括:3ds max 5和建筑效果图的基础知识、二维对象和三维对象的创建及编辑方法、编辑修改器和材质编辑器的应用、灯光和摄像机在建筑效果图中的运用、环境控制及渲染知识等。 |
| ● |
| 相关链接 |
|
|
|
正题名:中文版3ds max 5建筑效果图培训教程
索取号:TU201.4/W212
 
预约/预借
| 序号 | 登录号 | 条形码 | 馆藏地/架位号 | 状态 | 备注 |
| 1 | 572598 | 205725982 | 自科二线404/404自科库 25排1列5层/ [索取号:TU201.4/W212] | 在馆 | |
| 2 | 572599 | 205725991 | 建筑库101/101建筑库 36排1列1层/ [索取号:TU201.4/W212] | 在馆 | |
| 3 | 572600 | 205726008 | 建筑库101/101建筑库 36排1列1层/ [索取号:TU201.4/W212] | 在馆 | |
| 4 | 588570 | 205885700 | 建筑库101/101建筑库 36排1列1层/ [索取号:TU201.4/W212] | 在馆 | |
| 5 | 588571 | 205885719 | 自科二线404/404自科库 25排1列5层/ [索取号:TU201.4/W212] | 在馆 | |
| 6 | 588572 | 205885728 | 自科二线404/404自科库 25排1列5层/ [索取号:TU201.4/W212] | 在馆 |